Előszó
Elmentve itt :
| Testületi szerző: | |
|---|---|
| Dokumentumtípus: | Könyv része |
| Megjelent: |
2019
|
| Sorozat: | Tanulmányok a társadalomról
4 Tanulmányok a társadalomról IV. : a Szegedi Tudományegyetem JGYPK ATIKI Alkalmazott Társadalomtudományok Tanszék, ETSZK Szociális Munka és Szociálpolitika Tanszék, és a BTK Szociológia Tanszék tudományos diákköri munkái 4 |
| Kulcsszavak: | Tudományos diákkör - társadalomtudományok - tanulmányok - előszó |
| Tárgyszavak: | |
| Online Access: | http://acta.bibl.u-szeged.hu/69417 |
| LEADER | 01004naa a2200217 i 4500 | ||
|---|---|---|---|
| 001 | acta69417 | ||
| 005 | 20220215153654.0 | ||
| 008 | 200703s2019 hu o 0|| hun d | ||
| 020 | |a 978-615-00-5056-0 | ||
| 040 | |a SZTE Egyetemi Kiadványok Repozitórium |b hun | ||
| 041 | |a hun | ||
| 245 | 0 | 0 | |a Előszó |h [elektronikus dokumentum] |
| 260 | |c 2019 | ||
| 300 | |a 7-8 | ||
| 490 | 0 | |a Tanulmányok a társadalomról |v 4 | |
| 490 | 0 | |a Tanulmányok a társadalomról IV. : a Szegedi Tudományegyetem JGYPK ATIKI Alkalmazott Társadalomtudományok Tanszék, ETSZK Szociális Munka és Szociálpolitika Tanszék, és a BTK Szociológia Tanszék tudományos diákköri munkái |v 4 | |
| 650 | 4 | |a Társadalomtudományok | |
| 650 | 4 | |a Szociológia | |
| 695 | |a Tudományos diákkör - társadalomtudományok - tanulmányok - előszó | ||
| 710 | |a Országos Tudományos Diákköri Konferencia (34.) (2019) (Szeged) | ||
| 856 | 4 | 0 | |u http://acta.bibl.u-szeged.hu/69417/1/tanulmanyok_a_tarsadalomrol_004_007-008.pdf |z Dokumentum-elérés |